Yokai Watch 1 : Médallium - Statistiques

Statistiques générales
  • Ce quiz a été pris 33 fois
    11 depuis la dernière actualisation
  • Le résultat moyen est 193 sur 245
Statistiques - réponses
Numéro Yokai % Correct
#108 Angelik
100%
#095 Bandinyan
100%
#056 Barakabo
100%
#158 Belzel
100%
#170 Bicorniot
100%
#109 Blizzaria
100%
#066 Boulapic
100%
#217 Camaieul
100%
#090 Chihuaglagla
100%
#092 Cho-cho
100%
#087 Cigalopin
100%
#089 Cigazouille
100%
#075 Corniaque
100%
#169 Corniot
100%
#040 Cupistol
100%
#173 Délujien
100%
#159 Dente
100%
#223 Diamanyan
100%
#041 Donjuan
100%
#220 Emeranyan
100%
#094 Epinyan
100%
#012 Feulion
100%
#072 Frèrosse
100%
#218 Gorgouille
100%
#118 Grainpère
100%
#116 Granpapeti
100%
#063 Hauber
100%
#176 Hémorhino
100%
#172 Humidon
100%
#093 Jibanyan
100%
#215 Komashura
100%
#055 Kyubi
100%
#070 Loubarbare
100%
#162 malmidal
100%
#144 Marcognito
100%
#039 Memetal
100%
#195 Murhaine
100%
#190 Nénunoko
100%
#141 Nihilistik
100%
#145 Ninjamévu
100%
#189 Noko
100%
#042 Nonjuan
100%
#213 Octorgombre
100%
#212 Octorgone
100%
#002 Pagno
100%
#191 Pandanoko
100%
#117 Puissanfon
100%
#071 Racaïd
100%
#221 Rubinyan
100%
#219 Saphinyan
100%
#024 Scarmouche
100%
#025 Scarnage
100%
#214 Shogunyan
100%
#007 Sumochi
100%
#134 Tata Aura
100%
#135 Tata Calin
100%
#157 Timidemon
100%
#132 Tontonerre
100%
#222 Topanyan
100%
#037 Toutouie
100%
#210 Vipèral
100%
#001 Woko
100%
#003 Alfoncéo
86%
#011 Amiral
86%
#114 Amoiz
86%
#020 B3-NK1
86%
#038 Babalance
86%
#019 Benkei
86%
#067 Bouldacier
86%
#216 Cabotin
86%
#226 Carpitaine
86%
#11 Cerbébert
86%
#148 Chauv'coucou
86%
#106 Choubidou
86%
#088 Cigaillard
86%
#225 Crocho
86%
#110 Damona
86%
#057 Darabajoie
86%
#058 Darumastar
86%
#130 Dédé
86%
#198 Dracounet
86%
#163 Ecchinose
86%
#136 Egaroni
86%
#051 Espi
86%
#166 Flamente
86%
#091 Froahuahua
86%
#174 Fryzeur
86%
#031 Gagalurin
86%
#244 Gargaros
86%
#059 Goruma
86%
#061 Granpart
86%
#143 Grattoptère
86%
#009 Heaumer
86%
#236 Hydreux
86%
#123 Hyprapillon
86%
#185 Jouvencia
86%
#101 Komajiro
86%
#099 Komasan
86%
#175 Kongel
86%
#005 Lamlam'mou
86%
#179 Lulugubre
86%
#151 Maltesse
86%
#035 Marra
86%
#231 Mc Kracken
86%
#232 MC Kracken
86%
#193 Méroubadour
86%
#008 Mochimacho
86%
#060 Nanpart
86%
#146 Nihilo
86%
#047 Nuiroir
86%
#245 Ogralos
86%
#227 Ombraptor
86%
#133 Omnitonton
86%
#081 Oronyan
86%
#246 Orquanos
86%
#032 Papa Ress
86%
#121 Papiltation
86%
#122 papiltension
86%
#062 Passpa
86%
#105 Pitou
86%
#237 Porcinator
86%
#243 Potofeu
86%
#141 Ragioni
86%
#080 Robonyan
86%
#006 Samoumouraï
86%
#107 Satandre
86%
#023 Scatcheur
86%
#014 Siro
86%
#150 Suspicioni
86%
#046 Telemir
86%
#139 Tendino
86%
#138 Tortico
86%
#004 Toumou
86%
#224 Triptik
86%
#194 Urnaconda
86%
#160 Venaldo
86%
#197 Vexturgeon
86%
#013 Vibrilion
86%
#168 Volatriste
86%
#167 Volibrius
86%
#234 Volteface
86%
#103 Baku
71%
#034 Bastata
71%
#015 Bonneto
71%
#010 Bushidos
71%
#078 Castelius I
71%
#077 Castelius II
71%
#076 Castelius III
71%
#079 Castelius Max
71%
#184 Cenridion
71%
#030 Chaipô
71%
#164 Chiperpiou
71%
#073 Coléroptère
71%
#140 Contracto
71%
#152 Contrarioni
71%
#131 Dédéstin
71%
#200 Dragô
71%
#230 Dr Jobard
71%
#045 Dynamo
71%
#044 Emettor
71%
#142 Emousstik
71%
#052 Etassivilia
71%
#186 Eterna
71%
#027 Fouetar
71%
#125 Jojojoyeux
71%
#096 Kappacap
71%
#100 Komaous
71%
#102 Komistigri
71%
#082 Misterre
71%
#188 Morphéa
71%
#119 Nomoné
71%
#137 Onisoi
71%
#018 Orox
71%
#017 Padelou
71%
#043 Padrezo
71%
#115 Pikor
71%
#165 Pioubidou
71%
#126 Poteaumorose
71%
#241 Pr Létripe
71%
#033 Ralbouc
71%
#083 Ressak
71%
#074 Rhinolimit
71%
#016 Sabri
71%
#196 Saumhonni
71%
#238 Styx VI
71%
#053 Tengu
71%
#054 Tengurou
71%
#149 Vampiloc
71%
#036 Violette
71%
#124 Vitapillon
71%
#026 Zerberker
71%
#192 Angihihile
57%
#097 Appak
57%
#201 Bababou
57%
#208 Bananar
57%
#154 Bibliotengu
57%
#147 Chauvkipeut
57%
#205 Claquille
57%
#206 Cocpille
57%
#203 Croquin
57%
#240 Hagacurée
57%
#229 Inamygal
57%
#204 Inisquale
57%
#187 Insomnelle
57%
#207 Jacquasseur
57%
#098 Kappaloha
57%
#085 Margoth
57%
#029 Matchou
57%
#028 Morvobec
57%
#239 Nébulor
57%
#120 Noproblemo
57%
#111 Noripop
57%
#127 Paradoxa
57%
#232 Rencornet
57%
#228 Sabroclair
57%
#113 Salsalga
57%
#199 Sir Dragon
57%
#084 Squarlet
57%
#086 Squèlebelle
57%
#104 Tapur
57%
#153 Tengubre
57%
#202 Tourneboul
57%
#211 Vipairflay
57%
#209 Vipètesec
57%
#112 Wakapoeira
57%
#177 Blablara
43%
#235 Didgeai
43%
#069 Etna Magma
43%
#183 Flopito
43%
#048 Hiblusion
43%
#050 Hibourling
43%
#049 Hibrouille
43%
#022 Kapunki
43%
#068 Lama Laya
43%
#181 Méphito
43%
#182 Misterbide
43%
#155 Nimpegase
43%
#064 Pachycoul
43%
#180 Pégaz
43%
#021 Sushiyama
43%
#178 Umilie
43%
#156 Hennimi
29%
#128 Ratatam
29%
#129 Supernoël
29%
#065 persevefant
14%
Aucun quiz correspondant
Distribution des résultats
% des personnes avec chaque résultat
Percentile par nombre de réponses
Votre historique - résultats
Vous n’avez pas pris ce quiz depuis la dernière actualisation